000 00479nam a22001697a 4500
999 _c5305
_d5305
003 GBCCL
005 20241126110538.0
008 180313b ||||| |||| 00| 0 eng d
040 _cgbc
082 _a268.4
_bLIV
100 _aLivingstone, Charles R.
_99572
245 _aUsing the Sunday School to Reach People /
_cCharles R. Livingstone
260 _bConvention Press,
_aNashville:
_c1973
300 _a100 p.;
_bill.,
_c20 cm.
650 _aSunday School
_99573
942 _2ddc
_cBK